| 000 | 01621cam a22001935a 4500 | ||
|---|---|---|---|
| 001 | L155776 | ||
| 008 | 120416s1779 xxk f 000 0 eng d | ||
| 035 | _a(Sirsi) u155776 | ||
| 041 | 0 | _aeng | |
| 100 | 1 |
_aRudder, Samuel _d1726-1801 |
|
| 245 | 0 | 2 |
_aA new history of Gloucestershire _bComprising the topography, antiquities, curiosities, produce, trade, and manufactures of that county; the foundation-charters and endowments of abbies, and other religious houses; the foundation of the bishoprick, &c. with a short biographical account of the bishops and deans; the names of the patrons and incumbents, and the antient and present value of all the ecclesiastical benefices; charters of incorporation, and civil government of the several boroughs; descriptions of the principal seats; descent of the manors; genealogies of families, with their arms, monumental inscriptions, &c. In the course of this work is given the history of every parish, tithing, and extraparochial place in the county. Also the ecclesiastical, civil, and military history of the city of Gloucester, from its first foundation to the present time. With a copy of Domesday-book for Gloucestershire, now first printed in the language, and after the manner of the original. Illustrated with a map of the county, views of gentlemen's seats, &c. &c. |
| 260 |
_aCirencester _bprinted by Samuel Rudder _c1779 |
||
| 300 |
_ax, 855, [1], lxviiip., plates _bmaps _c2o |
||
| 520 | _aDedication signed: Samuel Rudder. | ||
| 583 | 0 |
_aCondition reviewed _c20120620 _lcondition level 2 |
|
| 651 | 4 |
_aEngland _y886- |
|
| 690 |
_aInfrastructure _96246 |
||
| 942 | _n0 | ||
| 999 |
_c113815 _d113815 |
||